|
|
|
|
| LEADER |
01032nam a2200325 i 4500 |
| 001 |
001806981 |
| 003 |
CZ BrMZK |
| 005 |
20220412090240.0 |
| 007 |
ta |
| 008 |
211126s1995 xr a g 000 j cze |
| 015 |
|
|
|a cnb000103546
|
| 020 |
|
|
|a 80-85888-05-X
|q (vázáno) :
|c Kč 99,00
|
| 035 |
|
|
|a (OCoLC)34629522
|
| 040 |
|
|
|a BOA001
|b cze
|e rda
|
| 072 |
|
7 |
|a 821.162.3-3
|x Česká próza
|2 Konspekt
|9 25
|
| 080 |
|
|
|a 821.162.3-32
|2 MRF
|
| 080 |
|
|
|a (0:82-32)
|2 MRF
|
| 100 |
1 |
|
|a Holý, Petr,
|d 1933-2010
|7 jk01041870
|4 aut
|
| 245 |
1 |
0 |
|a Blázen na kopečku /
|c Petr Holý
|
| 250 |
|
|
|a Vydání první
|
| 264 |
|
1 |
|a Frýdek-Místek :
|b Iris RR,
|c 1995
|
| 300 |
|
|
|a 146 stran :
|b ilustrace ;
|c 21 cm
|
| 336 |
|
|
|a text
|b txt
|2 rdacontent
|
| 337 |
|
|
|a bez média
|b n
|2 rdamedia
|
| 338 |
|
|
|a svazek
|b nc
|2 rdacarrier
|
| 655 |
|
7 |
|a české novely
|7 fd133969
|2 czenas
|
| 910 |
|
|
|a BOA001
|b 2-1476.691
|
| 990 |
|
|
|a BK
|
| 991 |
|
|
|b 202204
|
| 996 |
6 |
|
|b 2610887181
|c 2-1476.691
|l MZK
|r Sklad / do 1 hodiny
|n 0
|p kupd
|w 001870824
|u 000010
|a 1
|e BOA001
|j MZK50
|s P
|